Biblioteca

En las raíces de una nación : la historia del Colegio San Andrés, un colegio cristiano en Lima, Perú. / John McPherson ; traducido por Tulio Carrasco del Solar , Juan Mendoza Núñez y Edward K. Perales G. (Registro nro. 43831)

Detalles MARC
000 -LÍDER
Campo fijo de descripción fija 013800000a22002290004500
020 ## - NÚMERO INTERNACIONAL NORMALIZADO PARA LIBROS
Número Internacional Normalizado del libro 0-904422-51-8 : Donación
041 0# - CÓDIGO DE IDIOMA
Código de idioma para texto/pista de sonido o título separado
082 04 - NÚMERO DE CLASIFICACIÓN DECIMAL DEWEY
Número de clasificación G 268.85 M1724r
001 - NÚMERO DE CONTROL
Campo de control 17165
100 1# - ASIENTO PRINCIPAL--NOMBRE PERSONAL
Nombre personal MacPherson, John
245 10 - TÍTULO
Título del Material En las raíces de una nación : la historia del Colegio San Andrés, un colegio cristiano en Lima, Perú. / John McPherson ; traducido por Tulio Carrasco del Solar , Juan Mendoza Núñez y Edward K. Perales G.
260 ## - PUBLICACIÓN, DISTRIBUCIÓN, ETC. (PIE DE IMPRENTA)
Lugar de publicación, distribución, etc. Lima : Colegio San Andrés
300 ## - DESCRIPCIÓN FÍSICA
Extensión 258 p.
336 ## - CONTENT TYPE
Content type term texto
Content type code txt
Source rdacontent
337 ## - MEDIA TYPE
Source rdamedia
Media type term sin mediación
Media type code n
338 ## - CARRIER TYPE
Source rdacarrier
Carrier type term volumen
Carrier type code nc
500 ## - NOTA GENERAL
Nota General Título original: At the Roots of a Nation. The Story of San Andrés School in Lima, Perú.
501 ## - NOTA DE “CON”
Nota de Contenido Encuadernado en rústico con pasta flexible.
505 00 - NOTA DE CONTENIDO
Nota de contenido con formato preestablecido Escuela y nación: raíces entrelazadas -- Preparando el suelo -- Escogiendo la tierra -- Plantando la semilla -- Asegurando el crecimiento -- La necesidad de apoyo -- Produciendo fruto -- Resistiendo la tormenta -- Afirmándose -- ¿Religioso o Bíblico? -- ¿La educación se enfrenta a la evangelización? -- ¿Sólo unos pocos privilegiados? -- Hacia el centenario -- Cronología -- Misioneros a tiempo completo.
650 14 - ASIENTO SECUNDARIO DE MATERIA - TERMINO TEMÁTICO
Término temático o nombre geográfico como elemento de entrada ALFABETIZACION (EDUCACION) \ INSTITUCIONES SOCIALES - Colegio \ EDUCACION - ENSEÑANZA - LIMA - HISTORIA \ EDUCACION CRISTIANA
942 ## - TIPO DE MATERIAL (KOHA)
Tipo de Item KOHA Libros General
Existencias
Estado de Material Estado de Perdido Estado de Dañado No para Préstamo Colección Tomo Biblioteca de Origen Biblioteca Permanente Fecha de Adquisición Total de Préstamos Signatura Topográfica Código de Barras Última vez visto Ejemplar/Existencia Fecha de Remplazo Tipo de Material
        Colección General   Biblioteca FUSBC Biblioteca FUSBC 22/09/2010   G 268.85 M1724r 24880 12/12/2019 1 26/01/2016 Libros General

Biblioteca FUSBC | Teléfono: (57+4) 349 88 10 Ext. 141| WhatsApp (+57) 3005338115 
E-mail: biblioteca@unisbc.edu.co | Calle 76 87-14 Robledo Palenque, Medellín, Colombia

Con tecnología Koha